000 00379nam a2200145Ia 4500
008 100122s9999 xx 000 0 und d
082 _b51074
_a823
100 _aशिरवळकर सुहास
245 _aझलक
260 _bकलाभारती प्रकाशन
_c1995
300 _a108
630 _aझलक
730 _aझलक
942 _cBOOK
999 _c428624
_d428621